书目信息 |
| 题名: |
雷达高分辨距离像目标识别的关键应用研究
|
|
| 作者: | 柴晶 , 侯庆禹 著 | |
| 分册: | ||
| 出版信息: | 北京 科学出版社 2018 |
|
| 页数: | 120页 | |
| 开本: | 26cm | |
| 丛书名: | 智能科学与技术丛书 | |
| 单 册: | ||
| 中图分类: | TN959.1 | |
| 科图分类: | ||
| 主题词: | 高分辨率雷达--gao fen bian lv lei da--雷达目标识别--研究 | |
| 电子资源: | ||
| ISBN: | 978-7-03-056589-1 | |
| 000 | 01170nam 2200301 450 | |
| 001 | 012001001611 | |
| 005 | 20131108150309.0 | |
| 010 | @a978-7-03-056589-1@dCNY49.00 | |
| 099 | @aCAL 012018053318 | |
| 100 | @a20180412d2018 em y0chiy50 ea | |
| 101 | 0 | @achi |
| 102 | @aCN@b110000 | |
| 105 | @aak a 000yy | |
| 106 | @ar | |
| 200 | 1 | @a雷达高分辨距离像目标识别的关键应用研究@Alei da gao fen bian ju li xiang mu biao shi bie de guan jian ying yong yan jiu@f柴晶, 侯庆禹著 |
| 210 | @a北京@c科学出版社@d2018 | |
| 215 | @a120页@c图@d26cm | |
| 225 | 2 | @a智能科学与技术丛书@Azhi neng ke xue yu ji shu cong shu |
| 314 | @a柴晶, 博士, 曾任中国航天科工集团8511研究所工程师。 | |
| 320 | @a有书目 | |
| 330 | @a本书从工程应用的角度出发, 分析了雷达高分辨距离像目标识别所面临的关键问题, 介绍了处理这些问题时所涉及的关键理论、方法和技术, 并对该领域的未来发展趋势进行了分析和展望。 | |
| 410 | 0 | @12001 @a智能科学与技术丛书 |
| 606 | 0 | @a高分辨率雷达@Agao fen bian lv lei da@x雷达目标识别@x研究 |
| 690 | @aTN959.1@v5 | |
| 701 | 0 | @a柴晶@Achai jing@4著 |
| 701 | 0 | @a侯庆禹@Ahou qing yu@4著 |
| 801 | 0 | @aCN@b北京卓展@c20191020 |
| 905 | @b1198660-3@dTN959.1@e36@f4 | |
| 雷达高分辨距离像目标识别的关键应用研究/柴晶, 侯庆禹著.-北京:科学出版社,2018 |
| 120页:图;26cm.-(智能科学与技术丛书) |
| ISBN 978-7-03-056589-1:CNY49.00 |
| 本书从工程应用的角度出发, 分析了雷达高分辨距离像目标识别所面临的关键问题, 介绍了处理这些问题时所涉及的关键理论、方法和技术, 并对该领域的未来发展趋势进行了分析和展望。 |
| ● |
| 相关链接 |
|
|
|
|
正题名:雷达高分辨距离像目标识别的关键应用研究
索取号:TN959.1/36
 
预约/预借
| 序号 | 登录号 | 条形码 | 馆藏地/架位号 | 状态 | 备注 |
| 1 | 1198660 | 211986608 | 第二样本阅览室/ [索取号:TN959.1/36] | 在馆 | |
| 2 | 1198661 | 211986617 | 第三借阅区/ [索取号:TN959.1/36] | 在馆 | |
| 3 | 1198662 | 211986626 | 第三借阅区/ [索取号:TN959.1/36] | 在馆 | |
| 4 | 1198663 | 211986635 | 第三借阅区/ [索取号:TN959.1/36] | 在馆 |